000 00556nam a22002057a 4500
003 OSt
005 20160914132137.0
008 160914b xxu||||| |||| 00| 0 eng d
020 _a0471316482
040 _cDDC.
082 _a658.5MON 2001
100 _aMonigomery,C.Douglas;
_911058
245 _aIntroduction to statistical quality Control:
250 _a4th ed
260 _aNew York.
_bJohn Wiley and Sons.
_c2001.
300 _axix,796p;
_bcol,ill;
_c25cm.
504 _aincludes index.
650 _aQuality Control.
_92942
942 _2ddc
_cO_SHELF
999 _c5200
_d5200